000 00685nam a2200241 i 4500
001 C2-0291660
003 PPAK
005 20180728023902.0
008 081015s2007 cc |||| ||||| | chi d
020 _a7802221560
040 _aPPAK
_beng
_cPPAK
_erda
082 0 4 _a930.1
_223
090 0 0 _a930.1
_bSUX
_dG
100 1 _aSu, Xian Mo Yun Pian Wei Hui,
_eauthor
245 1 0 _aMing qing, du shui tian xia = Legends of chinese history
264 1 _aYunnan :
_bSu xian mo yun li she chu ban she ,
_c2007
300 _a384 pages ;
_c24 cm
336 _2rdacontent
_atext
337 _2rdamedia
_aunmediated
338 _2rdacarrier
_avolume
650 1 0 _aArchaelogy
942 _ddc
_cB
999 _c96728
_d96728